• 首页
  • 本馆介绍
  • 公告通知
  • 最新文献
  • 馆藏检索
  • 电子资源
  • 读者导购
  • 参考咨询
  • 我的图书馆
  • 登录
  • 详细信息显示
  • 放入我的书架
  • 预约/预借图书
  • 作者相关作品
  • 分类相关作品
  • 丛书相关作品
  • 出版社相关作品

书目信息

  • 表格格式
  • 工作单格式
  • 卡片格式
题名:
牛津欧洲史
    
 
作者: 温克 , 泰尔伯特 著 ;任洪生 译
分册: 第四卷   1945至当代
出版信息: 长春   吉林出版集团有限责任公司  2009.04
页数: 215页
开本: 23cm
丛书名: 史家名著书系
单 册:
中图分类: K500 , K505
科图分类:
主题词: 历史 , 现代史
电子资源:
ISBN: 978-7-80762-874-3
000 01318oam2 2200349 450
001 012004345251
005 20130427090427.60
010    @a978-7-80762-874-3@b精装@dCNY35.00
100    @a20090720d2009 em y0chiy0110 ea
101 1  @achi@ceng
102    @aCN@b220000
105    @aaf z 000yy
106    @ar
200 1  @a牛津欧洲史@9niu jin ou zhou shi@h第四卷@i1945至当代@f(美)罗宾·W.温克,(美)约翰·E,泰尔伯特著@g任洪生译
210    @a长春@c吉林出版集团有限责任公司@d2009.04
215    @a215页@c图,地图,图版(6页)@d23cm
225 2  @a史家名著书系
305    @a由牛津大学出版社授权
330    @a《牛津欧洲史》是耶鲁大学著名史学家罗宾·W.温克的代表作品,该书分四卷阐述了从中世纪末到当代的欧洲历史。作者不拘泥于对历史事件和过程的细节描述,而是对欧洲文明的发展进行全方位的宏观扫描,尤其重视各个历史时期在思想文化等领域的变革和成就。本书介绍的是1945年至当代的欧洲历史。
461  0 @12001 @a史家名著书系@1701 0@a丛日云@4主编
606 0  @a历史
606 0  @a现代史
607    @a欧洲@x历史
607    @a欧洲@x现代史
607    @a欧洲
690    @aK500@v4
690    @aK505@v4
701  1 @c(美)@a温克@9wen ke@b罗宾·W.@4著
701  1 @c(美)@a泰尔伯特@9tai er bo te@b约翰·E.@4著
702  0 @a任洪生@9ren hong sheng@4译
801  0 @aCN@bRENTIAN@c20090720
905    @b542053-57@dK500@e23:4@f5
    
    牛津欧洲史.第四卷.1945至当代/(美)罗宾·W.温克,(美)约翰·E,泰尔伯特著/任洪生译.-长春:吉林出版集团有限责任公司,2009.04
    215页:图,地图,图版(6页);23cm.-(史家名著书系)
    
    
    ISBN 978-7-80762-874-3(精装):CNY35.00
    《牛津欧洲史》是耶鲁大学著名史学家罗宾·W.温克的代表作品,该书分四卷阐述了从中世纪末到当代的欧洲历史。作者不拘泥于对历史事件和过程的细节描述,而是对欧洲文明的发展进行全方位的宏观扫描,尤其重视各个历史时期在思想文化等领域的变革和成就。本书介绍的是1945年至当代的欧洲历史。
●
相关链接 在E读中查询图书 在五车中查询图书 在当当中查询图书 在豆瓣中查询图书


正题名:牛津欧洲史     索取号:K500/23:4         预约/预借

序号 登录号 条形码 馆藏地/架位号 状态 备注
1 542053   205420533   第二样本阅览室/ [索取号:K500/23:4] 在馆    
2 542054   205420542   第二借阅区/ [索取号:K500/23:4] 在馆    
3 542055   205420551   第二借阅区/ [索取号:K500/23:4] 在馆    
4 542056   205420560   史法系资料室/ [索取号:K500/23:4] 在馆    
5 542057   205420579   第二借阅区/ [索取号:K500/23:4] 在馆    
唐山师范学院图书馆 欢迎您!
大连网信软件有限公司© 版权所有